• 首页
  • 本馆介绍
  • 公告通知
  • 最新文献
  • 馆藏检索
  • 电子资源
  • 读者导购
  • 参考咨询
  • 我的图书馆
  • 登录
  • 详细信息显示
  • 放入我的书架
  • 预约/预借图书
  • 作者相关作品
  • 分类相关作品
  • 丛书相关作品
  • 出版社相关作品

书目信息

  • 表格格式
  • 工作单格式
  • 卡片格式
题名:
固体物理概念题和习题指导
    
 
作者: 王矜奉 范希会 张承琚 编著
分册:  
出版信息: 济南   山东大学出版社  2009.40
页数: 272页
开本: 20cm
丛书名:
单 册:
中图分类: O48-44
科图分类:
主题词: 固体物理学
电子资源:
ISBN: 978-7-5607-2337-2
000 00691nam0 2200193 450
001 1733802849
005 20170615093704.34
010    @a978-7-5607-2337-2@dCNY15.00
100    @a20170615d km y0chiy0120 ea
101 0  @achi
200 1  @a固体物理概念题和习题指导@Agu ti wu li gai nian ti he xi ti zhi dao@f王矜奉 范希会 张承琚编著@Fwang jin feng fan xi hui zhang cheng ju bian zhu
205    @a第三版
210    @a济南@c山东大学出版社@d2009.40
215    @a272页@d20cm
606 0  @a固体物理学
690    @aO48-44@v4
701  0 @a王矜奉 范希会 张承琚@Awang jin feng fan xi hui zhang cheng ju@4编著
801  0 @aCN@b大连网信软件有限公司图书馆·11@c20170615
905    @b1052264@dO48-44@e36=3@f1
    
    固体物理概念题和习题指导/王矜奉 范希会 张承琚编著.-第三版.-济南:山东大学出版社,2009.40
    272页;20cm
    
    
    ISBN 978-7-5607-2337-2:CNY15.00
    
●
相关链接 在E读中查询图书 在五车中查询图书 在当当中查询图书 在豆瓣中查询图书


正题名:固体物理概念题和习题指导     索取号:O48-44/36=3         预约/预借

序号 登录号 条形码 馆藏地/架位号 状态 备注
1 1052264   210522647   第二样本阅览室/ [索取号:O48-44/36=3] 在馆    
唐山师范学院图书馆 欢迎您!
大连网信软件有限公司© 版权所有